UBT Library

Applied Calculus : (Record no. 1353)

000 -LEADER
fixed length control field 00744nam a22002177a 4500
008 - FIXED-LENGTH DATA ELEMENTS--GENERAL INFORMATION
fixed length control field 151110b xxu||||| |||| 00| 0 eng d
020 ## - INTERNATIONAL STANDARD BOOK NUMBER
International Standard Book Number 9780073051918 (acidfree paper)
020 ## - INTERNATIONAL STANDARD BOOK NUMBER
International Standard Book Number 0073051918 (acidfree paper)
041 0# - LANGUAGE CODE
Language code of text/sound track or separate title eng
080 ## - UNIVERSAL DECIMAL CLASSIFICATION NUMBER
Universal Decimal Classification number 514.11
100 1# - Rafti
Rafti Hoffmann, Laurence D.,
245 10 - TITLE STATEMENT
Title Applied Calculus :
Statement of responsibility, etc Laurence D. Hoffman; Gerald L. Bradley;
246 30 - VARYING FORM OF TITLE
Title proper/short title Calculus
250 ## -
-- 9th ed. /
-- Laurence D. Hoffmann, Gerald L. Bradley, with Kenneth H. Rosen.
260 ## -
-- Boston :
-- McGraw-Hill,
-- 2007.
300 ## -
-- xxx, 758 f. :
-- me il.;
-- 26 cm.
650 #0 -
-- Kalkulus
700 1# -
-- Bradley, Gerald L.,
700 1# -
-- Rosen, Kenneth H.
942 ## - ADDED ENTRY ELEMENTS (KOHA)
Source of classification or shelving scheme
Item type Books
Holdings
Withdrawn status Lost status Source of classification or shelving scheme Damaged status Not for loan Collection code Permanent location Current location Shelving location Date acquired Total Checkouts Full call number Date last seen Price effective from Koha item type
          Koleksioni i përgjithshem UBT - Lipjan UBT - Lipjan Koleksioni i përgjithshem 11/10/2015   514.11 HOFF 11/10/2015 11/10/2015 Books
UBT Library © 2015-2024. All rights reserved University Education for Business and Technology